000 01938nam a22001577a 4500
041 _aukr
080 _a09
090 _bКОТ
100 _aКотлінська О. М.
245 _aРиси американського просторіччя у романі Doug Horing "Waterman"
260 _aОстрог
_bКАФ
_c2012
300 _a49
520 _aРОЗДІЛ 1 іСТОРИЧНО-ГЕОГРАФІЧНІ ЗАСАДИ УТВОРЕННЯ ТА РОЗВИТКУ AMERICAN ENGLISH ТА ЙОГО ПОДІЛ НА ДІАЛЕКТИ 1.1 Історичне тло зародження американського варіанту англійської мови. 1.2 Різноманіття діалектів американського варіанту англійської мови. Virginia Piedmont та Coastal Southern. 1.3 Гренада. РОЗДІЛ 2 МОВНІ ОСОБЛИВОСТІ АМЕРИКАНСЬКОГО ВАРІАНТУ АНГЛІЙСЬКОЇ МОВИ ТА МОВИ ГРЕНАДИ 2.1 Граматичні, фонетичні та лексичні характеристики американського варіанту англійської мови. 2.2 Мовні особливості діалектів Virginia Piedmont та Coastal Southern (Дорсет діалекту). 2.3 Особливості мови Гренади. РОЗДІЛ 3 ХАРАКТЕРИСТИКА ОСОБЛИВОСТЕЙ МОВИ ГЕРОЇВ ТВОРУ ДАКА ХОРІНГА "WATERMAN" 3.1 Граматичні відхилення у мовленні героїв твору. 3.2 Лексична та фразеологічна наповненість американського просторіччя у творі. 3.3 Особливості мовлення жителя Гренади у творі.
_0літературознавство, мова Гренади
650 _aResearch Papers
999 _c285002
_d285002
942 _cBK